000 00560nam a2200193Ia 4500
005 20260120130336.0
008 008 260114s9999 xx 000 0 eng d
020 _a9780191603860
037 _aEBOOK
040 _aCRL
_beng
_cCRL
041 _aeng
_2eng
084 _qCRL
100 _aGuha-Khasnobis, Kanbur, Ostrom
_9913867
245 0 _aLinking the Formal and Informal Economy
260 _bOxford University PressOxford University Press
_c2006
856 _uhttps://academic.oup.com/book/34770
942 _cEBOOK
999 _c1505770
_d1505770